000 00357nam a22001577a 4500
003 OSt
020 _a9789350140567
040 _c0
_d0
082 _222
_a005.73
100 _aAgarwal, Udit
245 _aData structures using C /
250 _a1st ed
260 _aNew Delhi,
_bS.K Kataria and Sons,
_cc2011.
300 _a525 p. ;
_bill. ;
942 _2ddc
_cIT
999 _c4815
_d4815